Państwa pochodzenia papieży (historyczne) - Statystyki

Ogólne statystyki
  • Ten quiz został rozwiązany 106 razy
    12 od ostatniego zresetowania
  • Średni wynik to 11 z 27
Statystyki odpowiedzi
Liczba papieży Państwo % Poprawnych
33 Królestwo Włoch (średniowieczne)
91%
1 Polska
91%
4 Włochy
91%
1 Argentyna
82%
13 Francja
82%
9 Niemcy
82%
53 Imperium Rzymskie
73%
1 Stany Zjednoczone
73%
1 Królestwo Anglii
64%
31 Cesarstwo Bizantyjskie
45%
1 Portugalia
45%
2 Cesarstwo Austrii
36%
1 Judea
27%
1 Królestwo Sardynii
27%
81 Państwo Kościelne
27%
7 Republika Wenecka
27%
6 Królestwo Neapolu
18%
1 Królestwo Sycylii
18%
3 Kalifat Arabski
9%
2 Królestwo Aragonii
9%
5 Królestwo Ostrogotów
9%
1 Księstwo Benewentu
9%
1 Księstwo Gaety
9%
1 Księstwo Sabaudii
9%
4 Państwo Odoakra
9%
1 Wielkie księstwo Florencji
9%
1 Królestwo Burgundii
0%
Nie znaleziono quizów pasujących do podanych kryteriów
Rozkład punktacji
Procent ludzi z każdym wynikiem
Percentyl według liczby udzielonych odpowiedzi
Twoja historia wyników
Nie rozwiązałeś tego quizu od ostatniego zresetowania